University Home | Library Home | Institutional Repository

Tropical diseases / (Record no. 43732)

MARC details
000 -LEADER
fixed length control field 00968cam8a220028900 4500
001 - CONTROL NUMBER
control field mtr00467101
005 - DATE AND TIME OF LATEST TRANSACTION
control field 20190813174636.0
008 - FIXED-LENGTH DATA ELEMENTS--GENERAL INFORMATION
fixed length control field 780626s1977 sz a i000 0 eng
010 ## - LIBRARY OF CONGRESS CONTROL NUMBER
LC control number 78308082 //r81
020 ## - INTERNATIONAL STANDARD BOOK NUMBER
Terms of availability
-- .00 (U.S.)
035 ## - SYSTEM CONTROL NUMBER
System control number (Sirsi) r24409
035 ## - SYSTEM CONTROL NUMBER
System control number (UPRA)mtr00467101
040 ## - CATALOGING SOURCE
Modifying agency UPRA
050 0# - LIBRARY OF CONGRESS CALL NUMBER
Classification number RC961
Item number .D67
082 0# - DEWEY DECIMAL CLASSIFICATION NUMBER
Classification number 616.9/88/3
Edition number 19
100 1# - MAIN ENTRY--PERSONAL NAME
Personal name Dorozynski, Alexandre, 1931-
Dates associated with a name Dorozynski, Alexandre, 1931-
Linkage A86896.1
245 10 - TITLE STATEMENT
Title Tropical diseases /
Statement of responsibility, etc. [text by A. Dorozynski].
260 ## - PUBLICATION, DISTRIBUTION, ETC.
Place of publication, distribution, etc. Geneva :
Name of publisher, distributor, etc. World Health Organization,
Date of publication, distribution, etc. [1977?]
500 ## - GENERAL NOTE
General note Cover title.
650 #0 - SUBJECT ADDED ENTRY--TOPICAL TERM
Topical term or geographic name entry element Tropical medicine.
Linkage S193.1
949 ## - LOCAL PROCESSING INFORMATION (OCLC)
a RC961
w LC
i -24020
m MEDICAL
p 100
t BOOK
l ON-SHELF
949 ## - LOCAL PROCESSING INFORMATION (OCLC)
a RC961
w LC
i -24021
m MEDICAL
t BOOK
l ON-SHELF
949 ## - LOCAL PROCESSING INFORMATION (OCLC)
a RC961
w LC
i -24022
m MEDICAL
t BOOK
l ON-SHELF
949 ## - LOCAL PROCESSING INFORMATION (OCLC)
a RC961
w LC
i -24023
m MEDICAL
t BOOK
l ON-SHELF
949 ## - LOCAL PROCESSING INFORMATION (OCLC)
a RC961
w LC
i -24024
m MEDICAL
t BOOK
l ON-SHELF
Holdings
Withdrawn status Lost status Source of classification or shelving scheme Damaged status Not for loan Home library Current library Shelving location Total Checkouts Full call number Barcode Date last seen Copy number Price effective from Koha item type
    Library of Congress Classification     Medical Library Medical Library On Shelf   RC961 -24020 08/13/2019 1 08/13/2019 Book
    Library of Congress Classification     Medical Library Medical Library On Shelf   RC961 -24021 08/13/2019 2 08/13/2019 Book
    Library of Congress Classification     Medical Library Medical Library On Shelf   RC961 -24022 08/13/2019 3 08/13/2019 Book
    Library of Congress Classification     Medical Library Medical Library On Shelf   RC961 -24023 08/13/2019 4 08/13/2019 Book
    Library of Congress Classification     Medical Library Medical Library On Shelf   RC961 -24024 08/13/2019 5 08/13/2019 Book
© 2026 - The University of Zambia Library - Koha v25.11